| 000 | 00849 a2200205 4500 | ||
|---|---|---|---|
| 005 | 20080826114333.0 | ||
| 008 | 080826t xxu||||| |||| 00| 0 eng d | ||
| 010 | _aENG-87173 | ||
| 020 |
_a818905905X _c300.00 |
||
| 035 | _aEN-70706 | ||
| 037 | _bDBAD / PUB | ||
| 082 | _a305.562 | ||
| 100 | _aViswanathan, S | ||
| 245 |
_aDalits in Dravidian land _bfrontline reports on anti-dalit violence in Tamil Nadu (1995-2004) _cby S. Viswanathan |
||
| 260 |
_aPondicherry _bNavayana Publishing _c2005 |
||
| 270 |
_a28, Veerabhadrasamy Koil Street, Lawspet _e605 008 |
||
| 300 |
_axxxviii, 318 p. _bB & W photos _c22 cm (Pbk.) |
||
| 942 |
_adpl _cEN _k305.562 / VIS _2ddc _h305.562 _mVIS |
||
| 999 |
_c6120 _d6120 |
||